000 00702nam a22001937a 4500
005 20240718143437.0
010 _aENG-140888
020 _a9789394915381
_c1680.00
035 _aEN-124420
037 _bDBAD
082 _a355.07
_21
100 _aShivane, AB
_968544
245 0 0 _aProfessional Military Education:
_bMaking of The 21st Century Warrior/
_cBy AB Shivane,
260 _aNew Delhi
_bKW Publishers KW Publishers in association with Centre for Land Warfare Studies
_c2023
270 _a4676/21, First Floor, Ansari Road, Daryaganj,
_bNew Delhi
_e110002
300 _axxviii,225p.
_c24cm(Hb)
_bIndex
700 _aKanwal, Gurmeet
_968545
942 _2ddc
_cEN
_mSHI
_h355.07
999 _c204183
_d204183